Removing barriers to housing transfer (Record no. 73611)

MARC details
000 -LEADER
fixed length control field 01117cam a2200205 4500
001 - CONTROL NUMBER
control field WB3940-09
008 - FIXED-LENGTH DATA ELEMENTS--GENERAL INFORMATION
fixed length control field 031021n2003 000 0 eng u
035 ## - SYSTEM CONTROL NUMBER
System control number (Sirsi) u123954
245 ## - TITLE STATEMENT
Title Removing barriers to housing transfer
260 ## - PUBLICATION, DISTRIBUTION, ETC.
Date of publication, distribution, etc. 2003
490 ## - SERIES STATEMENT
Series statement ODPM News Release
Volume/sequential designation (212) 20 October 2003, (2)
520 ## - SUMMARY, ETC.
Summary, etc. ODPM puts out consultation for measures to remove barriers to housing transfer. The changes seek to better the process and include improving the decision-making process by removing barriers to financing and developing incentives to ensure the benefits of transfer are realised. ODPM is inviting any reactions and responses to the proposals in the paper. The cosultation document is available at: http://www.odpm.gov.uk/stellent/groups/odpm_control/documents/contentservertemplate/odpm_index.hcst?n=920&l=1 For the news release: http://www.odpm.gov.uk/pns/DisplayPN.cgi?pn_id=2003_0212
590 ## - LOCAL NOTE (RLIN)
Local note WB
650 ## - SUBJECT ADDED ENTRY--TOPICAL TERM
Topical term or geographic name entry element HOUSING TRANSFER
650 ## - SUBJECT ADDED ENTRY--TOPICAL TERM
Topical term or geographic name entry element PRIVATE FINANCE
650 ## - SUBJECT ADDED ENTRY--TOPICAL TERM
Topical term or geographic name entry element CONSULTATION PAPER
650 ## - SUBJECT ADDED ENTRY--TOPICAL TERM
Topical term or geographic name entry element SUSTAINABLE COMMUNITIES
690 ## - LOCAL SUBJECT ADDED ENTRY--TOPICAL TERM (OCLC, RLIN)
Topical term or geographic name as entry element HOUSING-HOUSING FINANCE
942 ## - ADDED ENTRY ELEMENTS (KOHA)
Suppress in OPAC 0
Holdings
Withdrawn status Lost status Source of classification or shelving scheme Damaged status Not for loan Home library Current library Shelving location Date acquired Total Checkouts Full call number Barcode Date last seen Copy number Price effective from Koha item type
    Dewey Decimal Classification     London London News article 21/10/2003   WB3940-09 123954-1001 06/08/2019 1 06/08/2019 News article